Normal view
MARC view
- DEEPA K.P
Entry Personal Name
001 - CONTROL NUMBER
- control field: 3568
003 - CONTROL NUMBER IDENTIFIER
- control field: OSt
005 - DATE AND TIME OF LATEST TRANSACTION
- control field: 20181006121546.0
008 - FIXED-LENGTH DATA ELEMENTS
- fixed length control field: 181006|| aca||aabn | a|a d
040 ## - CATALOGING SOURCE
- Original cataloging agency: OSt
- Transcribing agency: OSt
100 ## - HEADING--PERSONAL NAME
- Personal name: DEEPA K.P
670 ## - SOURCE DATA FOUND
- Source citation: Work cat.: (OSt)14953: DEEPA K.P NISHANTH M. STANLY RAJEESH V.K, Development and testing of a pepper harvester
